000 00878cam a2200229 a 4500
999 _c7800
_d7800
003 OSt
005 20200521134830.0
008 000222s2003 nyuae 001 0 eng d
020 _a9780847821860
082 _a711DUA
100 1 _aDuany, Andres.
245 1 4 _aThe new civic art :
_belements of town planning /
_cAndrés Duany, Elizabeth Plater-Zyberk and Robert Alminana ; contributions by Jean-François Lejeune ... [et al.].
260 _aNew York :
_bRizzoli,
_c2003.
300 _a384 p. :
_bill. (some col.), plans ;
_c31 cm.
500 _aIncludes index.
505 0 _aThe order of the region -- The transformation of urbanism -- The pattern of urbanism -- The public realm -- The private realm -- Design at all scales.
650 0 _aArt, Municipal.
650 0 _aCity planning.
700 1 _aPlater-Zyberk, Elizabeth.
700 1 _aAlminana, Robert.
942 _2ddc